Statystyki dla Największe aglomeracje w Danii

Kliknij tutaj aby rozwiązać quiz!

Ogólne statystyki

  • Ten quiz został rozwiązany 48 razy
  • Średni wynik to 4 z 9

Statystyki odpowiedzi

MiejsceMieszkańcyNazwa% Poprawnych
1.1 330 993Aglomeracja Kopenhaska
100%
3.180 302Aglomeracja Odense
67%
4.117 351Aglomeracja Ålborska
65%
2.280 534Aglomeracja Århus
65%
5.72 037Aglomeracja Esbjerg
30%
7.61 121Aglomeracja Kolding
26%
6.62 482Aglomeracja Randers
20%
9.57 655Aglomeracja Vejle
15%
8.59 449Aglomeracja Horsens
13%

Rozkład punktacji

Percentyl według liczby udzielonych odpowiedzi

Procent ludzi z każdym wynikiem

Twoja historia wyników

Nie rozwiązałeś tego quizu